Acuerdos de paz: omisión y compromiso /
Gorde:
| Egile nagusia: | |
|---|---|
| Formatua: | Texto |
| Gaiak: | |
| Etiketak: |
Etiketa erantsi
Etiketarik gabe, Izan zaitez lehena erregistro honi etiketa jartzen!
|
MARC
| LEADER | 00000 a a2200000 04500 | ||
|---|---|---|---|
| 001 | 4981 | ||
| 003 | |||
| 040 | |||
| 100 | |a Lecaros Zavala, Carlos P. | ||
| 245 | |a Acuerdos de paz: omisión y compromiso / |c Carlos P. Lecaros Zavala | ||
| 650 | |a PAZ | ||
| 650 | |a VIOLENCIA | ||
| 650 | |a ACUERDOS INTERNACIONALES | ||
| 650 | |a POBREZA | ||
| 773 | |g número 37; páginas 15-16 | ||
| 999 | |c 36105 |d 36105 | ||
